书目信息 |
| 题名: |
元赵孟顯书胆巴碑
|
|
| 作者: | 赵孟頫 书 ;《历代碑帖法书选》编辑组 , 《历代碑帖法书选》编辑组 | |
| 分册: | ||
| 出版信息: | 北京 文物出版社 1982 |
|
| 页数: | 不计页数 | |
| 开本: | 25cm | |
| 丛书名: | ||
| 单 册: | ||
| 中图分类: | J292.25 , J292.33 | |
| 科图分类: | ||
| 主题词: | 行楷-碑帖--中国--元代 , 碑帖-行楷--中国--元代 , 书法--中国 , 篆刻--中国 | |
| 电子资源: | ||
| ISBN: | ||
| 000 | 00959nam0 2200313 45 | |
| 001 | 0182007794 | |
| 005 | 20040520151848.8 | |
| 010 | @dCNY0.50 | |
| 091 | @a8068.1107 | |
| 100 | @a19950309d1982 em y0chiy0121 ea | |
| 101 | 0 | @achi |
| 102 | @aCN@b110000 | |
| 105 | @ay z 000yy | |
| 106 | @ar | |
| 200 | 10 | @a元赵孟顯书胆巴碑@Ayuan zhao meng fu shu dan ba bei@f赵孟頫书@FZhao Meng Tiao Shu@g《历代碑帖法书选》编辑组 |
| 210 | @a北京@c文物出版社@d1982 | |
| 215 | @a不计页数@d25cm | |
| 606 | @a行楷-碑帖@y中国@z元代 | |
| 606 | @a碑帖-行楷@y中国@z元代 | |
| 606 | 0 | @a书法@x中国 |
| 606 | 0 | @a篆刻@x中国 |
| 690 | @aJ292.25@v3 | |
| 690 | @aJ292.33 | |
| 701 | 0 | @a赵孟頫@4书 |
| 711 | 02 | @a《历代碑帖法书选》编辑组@A《Li Dai Bei Tie Fa Shu Xuan》Bian Ji Zu |
| 711 | 02 | @a《历代碑帖法书选》编辑组@Ali dai bei tie fa shu xuan bian ji zu@4编 |
| 801 | 0 | @aCN@b上海图书馆@c20040520 |
| 801 | 2 | @aCN@bNLC@c20040520 |
| 905 | @f1@b228355@dJ292.33@e223 | |
| 元赵孟顯书胆巴碑/赵孟頫书/《历代碑帖法书选》编辑组.-北京:文物出版社,1982 |
| 不计页数;25cm |
| ISBN :CNY0.50 |
| ● |
| 相关链接 |
|
|
|
|
正题名:元赵孟顯书胆巴碑
索取号:J292.33/223
 
预约/预借
| 序号 | 登录号 | 条形码 | 馆藏地/架位号 | 状态 | 备注 |
| 1 | 0228355 | 001208945 | 第一借阅区/ [索取号:J292.33/223] | 在馆 | |
| 2 | 0228356 | 000792468 | 第一样本阅览室/ [索取号:J292.33/223] | 在馆 |